书目信息 |
| 题名: |
脂砚斋重评石头记
|
|
| 作者: | 曹雪芹 著 | |
| 分册: | 下 | |
| 出版信息: | 上海 上海古籍出版社 1981 |
|
| 页数: | 1册 | |
| 开本: | 21cm | |
| 丛书名: | ||
| 单 册: | ||
| 中图分类: | I242.47 , I207.411 | |
| 科图分类: | ||
| 主题词: | 古典小说--中国--清代 , 章回小说--中国--清代 , 长篇小说--中国--清代 , 文学--中国 | |
| 电子资源: | ||
| ISBN: | ||
| 000 | 00840nam0 2200313 45 | |
| 001 | 0181001684 | |
| 005 | 20040418091640.9 | |
| 010 | @dCNY5.20 | |
| 091 | @a10186.274 | |
| 100 | @a19950626d1981 em y0chiy0121 ea | |
| 101 | 0 | @achi |
| 102 | @aCN@b310000 | |
| 105 | @ay rz 000ay | |
| 106 | @ar | |
| 200 | 10 | @a脂砚斋重评石头记@Azhi yan zhai chong ping shi tou ji@h下@f(清)曹雪芹著 |
| 205 | @b影印本 | |
| 210 | @a上海@c上海古籍出版社@d1981 | |
| 215 | @a1册@d21cm | |
| 517 | 1 | @a石头记@Ashi tou ji |
| 606 | @a古典小说@y中国@z清代 | |
| 606 | @a章回小说@y中国@z清代 | |
| 606 | @a长篇小说@y中国@z清代 | |
| 606 | 0 | @a文学@x中国 |
| 690 | @aI242.47@v3 | |
| 690 | @aI207.411 | |
| 701 | 0 | @a曹雪芹@Acao xue qin@f清@4著 |
| 801 | 0 | @aCN@b上海图书馆@c20040418 |
| 801 | 2 | @aCN@bNLC@c20040418 |
| 905 | @f1@b74428@dI207.411@e57:1 | |
| 脂砚斋重评石头记.下/(清)曹雪芹著.-影印本.-上海:上海古籍出版社,1981 |
| 1册;21cm |
| ISBN :CNY5.20 |
| ● |
| 相关链接 |
|
|
|
|
正题名:脂砚斋重评石头记
索取号:I207.411/57:1
 
预约/预借
| 序号 | 登录号 | 条形码 | 馆藏地/架位号 | 状态 | 备注 |
| 1 | 0074479 | 000545743 | 第一样本阅览室/ [索取号:I207.411/57:1] | 在馆 |